Podivíni

Bibliographic Details
Main Author: Vajanský, Svetozár Hurban, 1847-1916 (Author)
Format: Book
Language:Slovak
PhysicalDescription:306, [2] s. 8°
Published: Martin Matica slovenská 1937
Edition:2. vyd.
Series:Vajanský, Svetozár Hurban, 1847-1916 Sobrané diela
Subjects:

MARC

LEADER 00000cam a2200000 a 4500
001 vtls008404049
003 SK-MaSNL
005 20260301182330.0
008 220511s1937 xo 000 f slo
015 |a SNBA19191938-013680 
035 |a SK01SNKBSKHR20010096266 
035 |a urn:nbn:sk:snk-am3i1qn 
035 |a 2B479DA7-9B58-426F-B7C7-B5405C7E93A6 
035 |a urn:nbn:sk:snk-am00dgs5 
035 |a SKM000098729 
040 |a SNK  |b slo  |c SNK  |e AACR2 
041 0 |a slo 
044 |a xo  |c SK 
080 |a 885.4  |2 1981 
100 1 |a Vajanský, Svetozár Hurban,  |d 1847-1916  |4 aut  |9 110614 
245 1 0 |a Podivíni  |c Svetozár Hurban Vajanský 
250 |a 2. vyd. 
260 |a Martin  |b Matica slovenská  |c 1937  |e Martin  |f Kníhtlačiarsky účastinársky spolok 
300 |a 306, [2] s.  |c 8° 
490 1 |a Sobrané diela Svetozára Hurbana Vajanského  |v zv. 18 
500 |a Rozl. tit. list 
655 7 |a slovenské novely  |2 SNKPH  |9 70570 
800 1 |a Vajanský, Svetozár Hurban,  |d 1847-1916  |t Sobrané diela  |9 309637 
954 |a beletria pôvodná (slovenská)  |2 lita 
958 |a ONDV 
958 |a RK 
958 |a TL 
999 |c 853285  |d 855215 
952 |a SNK  |b SNK  |y VYP  |7 0  |p 17A0492563  |o snkSD 4791/18 D1  |i snkD 1294/62  |0 0  |1 0  |4 0  |d 2005-12-09  |l 0  |r 2026-02-24 04:48:06  |w 2026-02-24 
952 |a SNK  |b SNK  |y VYP  |7 0  |p 17A0542480  |o snkSD 4791/18 D2  |i snkF 5829/62  |8 5  |3 rekatalogizácia  |0 0  |1 0  |4 0  |d 2007-05-23  |l 0  |r 2026-02-24 04:48:06  |w 2026-02-24 
952 |a SNK  |b SNK  |y VYP  |7 0  |p 17A0542479  |o snkSD 4791/18 D3  |i snkF 423/64  |8 5  |3 rekatalogizácia  |0 0  |1 0  |4 0  |d 2007-05-23  |l 0  |r 2026-02-24 04:48:06  |w 2026-02-24 
952 |a SNK  |b SNK  |y PREZ  |7 0  |p 17A0912896  |o snkSD 4791/18  |i snkKSK 503/58  |8 3  |0 0  |1 0  |4 0  |d 2018-06-06  |f 1  |l 0  |r 2025-11-11 00:00:00  |w 2026-02-24